Statistiques concernant Pays participant à la coupe du monde de rugby 2019

Cliquez ici pour prendre le quiz!

Statistiques générales

  • Ce quiz a été pris 132 fois
  • Le résultat moyen est 19 sur 20

Statistiques - réponses

Nations % Correct
Angleterre
100%
Nouvelle-Zélande
100%
France
100%
Australie
99%
Ecosse
99%
Irlande
99%
Afrique du Sud
99%
Italie
98%
Pays de Galles
97%
Argentine
96%
Etats-Unis
96%
Japon
96%
Tonga
94%
Samoa
93%
Fidji
93%
Canada
92%
Russie
90%
Géorgie
74%
Namibie
72%
Uruguay
70%

Distribution des résultats

Percentile by Number Answered

% des personnes avec chaque résultat

Votre développement - résultats

Vous n’avez pas pris ce quiz